000 00433nam a2200181Ia 4500
001 20254
005 20260306172752.0
008 260306t2009||||xx |||||||||||||| ||spa||
041 _aESP
082 _a343.07
_bH16
100 _aHakansson Nieto, Carlos
_eAUT
245 0 _aCurso de derecho constitucional
260 _c2009
300 _a490 páginas :
_c24 cm.
650 _aGEN
654 _aCDE
942 _cLIB
_dJUS
_fJUS
_2ddc
_n
999 _c20254
_d20254